00311nam a2200133Ia 4500003000400000008004100004040000800045100003000053245003600083260001300119260002600132260000900158300001000167RNL090707b ii f a fnsan d aRCL aGhuman, Bikram Singh, ed. aSufimat ate Punjabi Sufi kaav aAmritsar bWaris Shah Foundation c2009 a256p.